Používateľské rozhranie smart domácnosti

Enregistré dans:
Détails bibliographiques
Auteur principal: Pitvorec, Miroslav (Auteur)
Autres auteurs: Minárik, Ivan (Directeur de thèse)
Format: Manuscrit Livre
Langue:slovaque
Publié: Bratislava : STU v Bratislave FEI, 2022
Sujets:
Accès en ligne:https://opac.crzp.sk/?fn=detailBiblioFormChildC10HFU&sid=378281AEB05FBF717832C8A6EBFA&seo=CRZP-detail-kniha
Tags: Ajouter un tag
Pas de tags, Soyez le premier à ajouter un tag!

MARC

LEADER 00000ntm a22000003a 4500
001 stuzp87324
003 SK-STU
005 20230309143843.2
007 ta
008 150427s2015----xo-----f-mn---000-0-slo-d
040 |a STU  |b slo 
041 0 |a slo 
044 |a xo 
100 1 |a Pitvorec, Miroslav  |u 037000  |4 aut  |U FEI Fakulta elektrotechniky a informatiky  |T FEI Ústav multimediálnych informačných a komunikačných technológií  |X 86141  |U E070  |Y 818  |7 86141 
242 0 1 |a Smart household user interface  |y eng 
245 1 0 |a Používateľské rozhranie smart domácnosti 
260 |a Bratislava :  |b STU v Bratislave FEI,  |c 2022 
300 |a 50 s. 
650 4 |a hardvér  |2 slo 
650 4 |a inteligentná domácnosť  |2 slo 
650 4 |a softvér  |2 slo 
650 4 |a Home Assistant  |2 slo 
650 4 |a smart household  |2 eng 
650 4 |a hardware  |2 eng 
650 4 |a software  |2 eng 
650 4 |a Home Assistant  |2 eng 
700 1 |a Minárik, Ivan  |u 037000  |k Z8  |4 ths  |U FEI Fakulta elektrotechniky a informatiky  |T FEI Ústav multimediálnych informačných a komunikačných technológií  |X 12005  |U E070  |Y 818  |7 A000012005 
856 4 |u https://opac.crzp.sk/?fn=detailBiblioFormChildC10HFU&sid=378281AEB05FBF717832C8A6EBFA&seo=CRZP-detail-kniha